[Event "IV Festival A"]
[Site "Campobasso ITA"]
[Date "1997.10.04"]
[Round "3"]
[White "Cucinella, Vincenzo"]
[Black "Galasso, Luigi"]
[Result "1-0"]
[WhiteElo "1971"]
[BlackElo "1791"]
[PlyCount "53"]
[EventDate "1997.10.03"]

1. d4 Nf6 2. Nf3 d6 3. c4 g6 4. Nc3 Bg7 5. e4 O-O 6. Be2 e5 7. O-O Nbd7 8. Be3
h6 9. Ne1 exd4 10. Bxd4 Re8 11. f3 c6 12. Be3 Nb6 13. Qd2 Kh7 14. Rd1 Be6 15.
b3 d5 16. exd5 cxd5 17. c5 Nbd7 18. Nb5 Bf8 19. Nd3 h5 20. Rfe1 a6 21. Nd6 Bxd6
22. cxd6 Nb6 23. Bd4 Rg8 24. Nc5 Rb8 25. Bd3 Bc8 26. Qg5 Kg7 27. Re7 1-0

[Event "IV Festival A"]
[Site "Campobasso ITA"]
[Date "1997.10.04"]
[Round "3"]
[White "Di Gianni, Rocco"]
[Black "Simeoni, Matteo"]
[Result "0-1"]
[WhiteElo "1912"]
[BlackElo "1830"]
[PlyCount "103"]
[EventDate "1997.10.03"]

1. d4 f5 2. g3 Nf6 3. c4 e6 4. Nc3 Bb4 5. Bd2 O-O 6. Bg2 Be7 7. Qc2 Nc6 8. Nf3
d6 9. d5 Nb4 10. Qa4 Na6 11. b4 e5 12. O-O Bd7 13. Qb3 Qe8 14. c5 Kh8 15. c6
bxc6 16. Qc4 Nxb4 17. Qxb4 cxd5 18. Qa5 c5 19. Nh4 e4 20. Bh3 d4 21. Bxf5 dxc3
22. Bxc3 d5 23. e3 Ng4 24. Bxd7 Qxd7 25. Ng2 Rf3 26. Rad1 Raf8 27. Nf4 Rf5 28.
Rd2 R3xf4 29. exf4 Nxh2 30. Rb1 Nf3+ 31. Kf1 Nxd2+ 32. Bxd2 Rf8 33. Qa6 Qh3+
34. Ke2 Qh5+ 35. Ke1 Qh1+ 36. Qf1 Qxf1+ 37. Kxf1 Bf6 38. Rb7 c4 39. Rxa7 d4 40.
Ke2 c3 41. Bc1 h6 42. Ra4 Rd8 43. Kd1 Kh7 44. Rc4 Rb8 45. a4 d3 46. Rxe4 Rb1
47. Re3 d2 48. Ke2 dxc1=Q 49. Kf3 Qh1+ 50. Kg4 h5+ 51. Kf5 Qd5+ 52. Re5 0-1

[Event "IV Festival A"]
[Site "Campobasso ITA"]
[Date "1997.10.04"]
[Round "3"]
[White "Gagliardi, Pietro"]
[Black "Di Carlo, Romeo"]
[Result "1/2-1/2"]
[WhiteElo "2185"]
[BlackElo "2115"]
[PlyCount "44"]
[EventDate "1997.10.03"]

1. e4 c6 2. d4 d5 3. e5 Bf5 4. Ne2 e6 5. Nf4 h6 6. Bd3 Bxd3 7. Nxd3 Nd7 8. O-O
c5 9. Nxc5 Nxc5 10. dxc5 Bxc5 11. Qg4 Kf8 12. Nd2 Ne7 13. Nf3 Qb6 14. c3 Nf5
15. Qa4 h5 16. Qb3 Rc8 17. Qxb6 Bxb6 18. Rd1 Ke7 19. Rd3 Rc6 20. h3 Rhc8 21.
Bd2 Kf8 22. Kf1 Rc4 1/2-1/2

[Event "IV Festival A"]
[Site "Campobasso ITA"]
[Date "1997.10.04"]
[Round "3"]
[White "Gambardella, Piero"]
[Black "Tonelli, Claudio"]
[Result "1-0"]
[WhiteElo "1692"]
[BlackElo "1791"]
[PlyCount "67"]
[EventDate "1997.10.03"]

1. d4 d5 2. c4 e6 3. Nc3 Nf6 4. cxd5 exd5 5. Bg5 Be7 6. Qc2 Be6 7. e3 Nbd7 8.
Bd3 h6 9. Bh4 c5 10. Nge2 g5 11. Bg3 Nh5 12. O-O Rc8 13. Rae1 Bf6 14. Bf5 Rc6
15. Bxe6 Rxe6 16. Nxd5 Nxg3 17. Nxg3 O-O 18. Nf5 Bh8 19. dxc5 Nb6 20. Nde7+
Rxe7 21. Nxe7+ Qxe7 22. cxb6 axb6 23. Rd1 Qe6 24. Rd2 Rc8 25. Qb3 Qxb3 26. axb3
Be5 27. Rfd1 Kg7 28. Kf1 Kg6 29. Ke2 Rc5 30. Rd5 Bxb2 31. Rxc5 bxc5 32. Rd7 b5
33. Rb7 c4 34. bxc4 1-0

[Event "IV Festival A"]
[Site "Campobasso ITA"]
[Date "1997.10.04"]
[Round "3"]
[White "Occhipinti, Massimo"]
[Black "Corvi, Marco"]
[Result "0-1"]
[WhiteElo "1749"]
[BlackElo "2260"]
[PlyCount "134"]
[EventDate "1997.10.03"]

1. Nf3 f5 2. g3 Nf6 3. Bg2 g6 4. O-O Bg7 5. d3 O-O 6. Nbd2 d6 7. e4 e5 8. c3 h6
9. Nh4 Kh7 10. exf5 gxf5 11. Nc4 Nc6 12. Ne3 Ne7 13. Bh3 f4 14. Nef5 Nxf5 15.
Nxf5 Ng8 16. Qh5 Qg5 17. Qxg5 hxg5 18. g4 Bxf5 19. gxf5 Nh6 20. Bg2 c6 21. Rd1
Nxf5 22. b3 Rad8 23. Ba3 Rfe8 24. Rac1 Kg6 25. Bb2 Bh6 26. Rc2 Nh4 27. Be4+ Nf5
28. c4 Bg7 29. b4 Re7 30. b5 d5 31. cxd5 cxd5 32. Bf3 Nh6 33. h3 Bf6 34. a4 Kf5
35. Rc5 Red7 36. Rdc1 g4 37. hxg4+ Nxg4 38. Rc7 Nh6 39. Kf1 Ng8 40. R1c5 Ne7
41. Ba3 b6 42. Rc1 e4 43. Rxd7 Rxd7 44. Bg2 Kg4 45. Ke1 f3 46. Bf1 Bg5 47. Rc3
Nf5 48. dxe4 dxe4 49. Bc1 Be7 50. Rc4 Nd4 51. Bd2 Bc5 52. a5 Rd8 53. a6 Kf5 54.
Ba5 Nb3 55. Bb4 Bxb4+ 56. Rxb4 Nc5 57. Rc4 Ke5 58. Rc3 Rh8 59. Kd2 Kf4 60. Bc4
Rh2 61. Ke1 Rh1+ 62. Kd2 Rh2 63. Ke1 Ke5 64. Bf1 Rh1 65. Rxc5+ bxc5 66. b6 axb6
67. a7 Rh8 0-1

[Event "IV Festival A"]
[Site "Campobasso ITA"]
[Date "1997.10.04"]
[Round "3"]
[White "Passerotti, Pierluigi"]
[Black "Ljubisavljevic, Zivojin Z."]
[Result "0-1"]
[WhiteElo "2310"]
[BlackElo "2305"]
[PlyCount "38"]
[EventDate "1997.10.03"]

1. d4 Nf6 2. Nf3 e6 3. e3 c5 4. Bd3 d5 5. b3 Qc7 6. c4 b6 7. O-O Bb7 8. Bb2 Nc6
9. Nbd2 cxd4 10. exd4 Be7 11. Rc1 O-O 12. Ne5 dxc4 13. bxc4 Rad8 14. Ndf3 Nxe5
15. Nxe5 Nd7 16. f4 f5 17. Qe2 Rf6 18. Rc2 Nxe5 19. fxe5 Rg6 0-1

[Event "IV Festival A"]
[Site "Campobasso ITA"]
[Date "1997.10.04"]
[Round "3"]
[White "Petruccioli, Antonio"]
[Black "Pizzuto, Samuele Tullio"]
[Result "1-0"]
[WhiteElo "1944"]
[BlackElo "2161"]
[PlyCount "103"]
[EventDate "1997.10.03"]

1. e4 Nf6 2. e5 Nd5 3. d4 d6 4. Nf3 Bg4 5. h3 Bh5 6. g4 Bg6 7. Bd3 e6 8. Nc3
Nxc3 9. bxc3 d5 10. Rb1 b6 11. O-O Be7 12. c4 dxc4 13. Bxc4 c6 14. Bd3 O-O 15.
a4 Qc7 16. h4 Bxd3 17. Qxd3 Nd7 18. c4 Rad8 19. Qe4 Rfe8 20. g5 g6 21. Kg2 Bf8
22. Bb2 Bg7 23. Rfe1 Nb8 24. Rbd1 Qb7 25. h5 Qe7 26. Rh1 Qb4 27. Qe2 c5 28. h6
Bf8 29. d5 Qxa4 30. Ra1 Qd7 31. Rhd1 a6 32. d6 Qb7 33. Kg1 b5 34. Nd2 Nd7 35.
Rdb1 Rb8 36. Bc1 Qc6 37. cxb5 axb5 38. Ne4 Rb7 39. Qf3 Rc8 40. Nf6+ Nxf6 41.
Qxc6 Rxc6 42. gxf6 Rc8 43. Be3 b4 44. Ra4 b3 45. Rc4 Rb5 46. Kg2 b2 47. Rc2 c4
48. Rcxb2 Rxe5 49. Rb8 Rxb8 50. Rxb8 Rd5 51. d7 c3 52. Bc5 1-0

[Event "IV Festival A"]
[Site "Campobasso ITA"]
[Date "1997.10.04"]
[Round "3"]
[White "Rossetti, Giovanni"]
[Black "Marzano, Carlo"]
[Result "0-1"]
[WhiteElo "1719"]
[BlackElo "2160"]
[PlyCount "94"]
[EventDate "1997.10.03"]

1. Nf3 d5 2. g3 c6 3. Bg2 Bg4 4. h3 Bh5 5. O-O Nd7 6. d3 e6 7. Nbd2 Bd6 8. Re1
Ne7 9. e4 O-O 10. g4 Bg6 11. Nf1 Qc7 12. Qe2 e5 13. h4 f6 14. Ng3 a5 15. h5 Be8
16. Nh4 h6 17. Nhf5 d4 18. Rf1 Kh7 19. f4 exf4 20. Nxd6 Qxd6 21. Bxf4 Ne5 22.
Nf5 Nxf5 23. exf5 Bf7 24. Bxe5 fxe5 25. Be4 Qf6 26. a3 Kg8 27. Rf2 Rae8 28. Qd2
Ra8 29. Rg2 Qg5 30. Qxg5 hxg5 31. Rh2 Rad8 32. Kg2 Rd6 33. Rah1 Rh6 34. Re1 Re8
35. Kg3 Rd6 36. Rhe2 Rd7 37. Bf3 Rde7 38. Rh1 Rd8 39. h6 g6 40. Be4 Kh7 41. Rf2
Rde8 42. Rhf1 Rg8 43. Rh1 Rge8 44. Rhf1 Rg8 45. c3 c5 46. c4 b6 47. fxg6+ Bxg6
0-1

[Event "IV Festival A"]
[Site "Campobasso ITA"]
[Date "1997.10.04"]
[Round "4"]
[White "Capuano, Eugenio"]
[Black "Petruccioli, Antonio"]
[Result "1/2-1/2"]
[WhiteElo "2130"]
[BlackElo "1944"]
[PlyCount "56"]
[EventDate "1997.10.03"]

1. e4 c5 2. c3 d5 3. exd5 Qxd5 4. d4 Nf6 5. Nf3 Nc6 6. Be2 cxd4 7. cxd4 e6 8.
O-O Be7 9. Nc3 Qa5 10. a3 Nb4 11. axb4 Qxa1 12. Qb3 a5 13. Bd2 axb4 14. Bb5+
Kf8 15. Rxa1 Rxa1+ 16. Nd1 Nd5 17. Kf1 f6 18. Ke2 Kf7 19. g3 Nc7 20. Bc4 b5 21.
Bd3 Bb7 22. Ne3 Nd5 23. Bxb5 Rc8 24. Bc4 Rxc4 25. Nxc4 Ba6 26. Qc2 Ra2 27. Ke1
Ra1+ 28. Ke2 Ra2 1/2-1/2

[Event "IV Festival A"]
[Site "Campobasso ITA"]
[Date "1997.10.04"]
[Round "4"]
[White "Corvi, Marco"]
[Black "Campanile, Antonio"]
[Result "1-0"]
[WhiteElo "2260"]
[BlackElo "2155"]
[PlyCount "89"]
[EventDate "1997.10.03"]

1. d4 f5 2. g3 Nf6 3. Bg2 g6 4. Nh3 d6 5. d5 c6 6. Nf4 Bg7 7. Nc3 Qb6 8. O-O
O-O 9. h4 Na6 10. Rb1 Ng4 11. Bd2 Nc7 12. e3 e5 13. dxe6 Nxe6 14. Nce2 Nxf4 15.
Nxf4 Rd8 16. c4 Ne5 17. Qc2 Qc7 18. Bc3 Qf7 19. b3 Ng4 20. Rbd1 Bxc3 21. Qxc3
a5 22. Rd2 Nf6 23. Rfd1 Qe7 24. Rd4 Ra6 25. c5 d5 26. Ra4 Ne4 27. Bxe4 fxe4 28.
f3 exf3 29. Kf2 Bf5 30. Rxa5 Rxa5 31. Qxa5 Re8 32. Qc3 Be4 33. a4 Rf8 34. b4
Qd7 35. Rh1 Ra8 36. a5 Qf7 37. Qd4 Qf5 38. h5 g5 39. h6 Qf7 40. Ne6 Qg6 41. Rh5
Kf7 42. Nxg5+ Ke7 43. Qe5+ Kd7 44. Qg7+ Kd8 45. Nf7+ 1-0

[Event "IV Festival A"]
[Site "Campobasso ITA"]
[Date "1997.10.04"]
[Round "4"]
[White "Crudele, Michele"]
[Black "Occhipinti, Massimo"]
[Result "1-0"]
[WhiteElo "1800"]
[BlackElo "1749"]
[PlyCount "79"]
[EventDate "1997.10.03"]

1. d4 Nf6 2. Nf3 g6 3. Bg5 Bg7 4. Nbd2 h6 5. Bh4 O-O 6. e3 d6 7. Bd3 Nbd7 8.
O-O e5 9. c3 c6 10. Qc2 Qc7 11. Rad1 Re8 12. dxe5 dxe5 13. Bg3 Nc5 14. Bc4 b5
15. b4 Bf5 16. Qc1 Nd3 17. Bxd3 Bxd3 18. Rfe1 Nh5 19. Nb3 Rad8 20. Nc5 Bc4 21.
a4 Nxg3 22. hxg3 a5 23. Rxd8 Rxd8 24. bxa5 Rd5 25. Na6 Qxa5 26. Nb4 Rc5 27.
axb5 cxb5 28. e4 Be6 29. Qe3 Rc8 30. Kh2 Qc7 31. Rc1 Bf8 32. Nd5 Bxd5 33. exd5
f6 34. Qe4 Kf7 35. Ra1 Qxc3 36. Ra6 Qc4 37. Nxe5+ fxe5 38. Qxg6+ Ke7 39. Re6+
Kd7 40. Qf7+ 1-0

[Event "IV Festival A"]
[Site "Campobasso ITA"]
[Date "1997.10.04"]
[Round "4"]
[White "Cucinella, Vincenzo"]
[Black "Gagliardi, Pietro"]
[Result "1/2-1/2"]
[WhiteElo "1971"]
[BlackElo "2185"]
[PlyCount "78"]
[EventDate "1997.10.03"]

1. Nf3 d5 2. g3 Nf6 3. Bg2 c6 4. d3 Bf5 5. Nbd2 h6 6. O-O e6 7. Qe1 Be7 8. b3
O-O 9. Bb2 Nbd7 10. e4 dxe4 11. dxe4 Bh7 12. Qe2 a5 13. a3 Bc5 14. e5 Nd5 15.
Ne4 Bxe4 16. Qxe4 Qe7 17. Kh1 Rfd8 18. Nd2 Nf8 19. Qe2 Nc7 20. Ne4 Nb5 21. a4
Nc7 22. Qc4 Na6 23. f4 Nd7 24. Qe2 Nc7 25. f5 exf5 26. Rxf5 Ne6 27. Raf1 Rf8
28. Qg4 Rad8 29. Rh5 Be3 30. Nf6+ Nxf6 31. exf6 Qb4 32. Qf3 g6 33. Rh4 Qc5 34.
Re4 Bd4 35. Rxe6 Bxb2 36. Re7 b6 37. c4 Bd4 38. h4 Rfe8 39. Qxc6 Rxe7 1/2-1/2

[Event "IV Festival A"]
[Site "Campobasso ITA"]
[Date "1997.10.04"]
[Round "4"]
[White "Ljubisavljevic, Zivojin Z."]
[Black "Lagumina, Giulio"]
[Result "0-1"]
[WhiteElo "2305"]
[BlackElo "2265"]
[PlyCount "110"]
[EventDate "1997.10.03"]

1. e4 e5 2. Nf3 d6 3. d4 exd4 4. Nxd4 g6 5. Bd3 Bg7 6. c3 Nc6 7. Nxc6 bxc6 8.
O-O Ne7 9. Be3 O-O 10. Qd2 f5 11. Bh6 Bxh6 12. Qxh6 fxe4 13. Bxe4 Bf5 14. Nd2
Rb8 15. b3 Qd7 16. Rae1 Rbe8 17. Qe3 c5 18. Qd3 a5 19. Bxf5 Nxf5 20. a4 Qf7 21.
Qc4 Rxe1 22. Rxe1 Rb8 23. Qe4 d5 24. Qf3 Nd6 25. Qd3 Qf5 26. Qxf5 gxf5 27. f3
Kf7 28. Kf2 c4 29. Rb1 c5 30. Ke3 Re8+ 31. Kf2 Rb8 32. Ke2 f4 33. g4 cxb3 34.
Rxb3 Re8+ 35. Kf2 Re3 36. Rb6 Ke7 37. Nb1 d4 38. cxd4 cxd4 39. Rb2 Nc4 40. Rb7+
Ke6 41. Rxh7 Rb3 42. Rh6+ Kf7 43. g5 Rb2+ 44. Ke1 Rxb1+ 45. Ke2 Rb3 46. Rf6+
Kg7 47. Rxf4 d3+ 48. Kf2 d2 49. Rd4 Rb1 50. h4 d1=Q 51. Rxd1 Rxd1 52. h5 Nb6
53. f4 Rh1 54. h6+ Kg6 55. Kg2 Rh5 0-1

[Event "IV Festival A"]
[Site "Campobasso ITA"]
[Date "1997.10.04"]
[Round "4"]
[White "Marzano, Carlo"]
[Black "Di Carlo, Romeo"]
[Result "1-0"]
[WhiteElo "2160"]
[BlackElo "2115"]
[PlyCount "76"]
[EventDate "1997.10.03"]

1. d4 d5 2. Bg5 c6 3. e3 Qb6 4. Qc1 h6 5. Bf4 Bf5 6. Nf3 Nf6 7. h3 Nbd7 8. Be2
e6 9. O-O Be7 10. c4 O-O 11. c5 Qd8 12. Nc3 b5 13. b4 Ne4 14. a4 a6 15. Ra3 g5
16. Bh2 Bg6 17. Nxe4 Bxe4 18. Ne5 Nxe5 19. Bxe5 Bf6 20. Bh2 Re8 21. Qb2 Bg7 22.
Rfa1 Rc8 23. axb5 axb5 24. Ra7 Re7 25. Bd6 Rxa7 26. Rxa7 Ra8 27. Qa1 Rxa7 28.
Qxa7 Bc2 29. Qb7 Qe8 30. Bxb5 cxb5 31. c6 e5 32. g4 exd4 33. c7 d3 34. c8=Q
Qxc8 35. Qxc8+ Kh7 36. Qf5+ Kg8 37. Bc5 Bc3 38. Bd4 Bxb4 1-0

[Event "IV Festival A"]
[Site "Campobasso ITA"]
[Date "1997.10.04"]
[Round "4"]
[White "Pizzuto, Samuele Tullio"]
[Black "Di Gianni, Rocco"]
[Result "1-0"]
[WhiteElo "2161"]
[BlackElo "1912"]
[PlyCount "65"]
[EventDate "1997.10.03"]

1. e4 c5 2. Nc3 Nc6 3. f4 d6 4. Nf3 Nf6 5. Bc4 e6 6. d3 a6 7. a3 Be7 8. Ba2 Qc7
9. O-O O-O 10. Bd2 Bd7 11. Kh1 b5 12. Ne2 c4 13. Ng3 d5 14. e5 Ne8 15. d4 c3
16. Bxc3 b4 17. axb4 Bxb4 18. Bxb4 Nxb4 19. Bb1 g6 20. c3 Nc6 21. Ng5 Ng7 22.
Bd3 Rfb8 23. Rf2 a5 24. Nf1 Ne7 25. Ne3 Bb5 26. Ng4 Nh5 27. Nh6+ Kg7 28. Nhxf7
Bd7 29. g4 h6 30. gxh5 hxg5 31. Nxg5 Rh8 32. hxg6 Rh4 33. Qd2 1-0

[Event "IV Festival A"]
[Site "Campobasso ITA"]
[Date "1997.10.04"]
[Round "4"]
[White "Simeoni, Matteo"]
[Black "Gambardella, Piero"]
[Result "1/2-1/2"]
[WhiteElo "1830"]
[BlackElo "1692"]
[PlyCount "34"]
[EventDate "1997.10.03"]

1. e4 e6 2. d4 d5 3. Nc3 Bb4 4. Bd3 dxe4 5. Bxe4 Nf6 6. Bg5 Be7 7. Bd3 b6 8.
Nf3 Bb7 9. O-O Nbd7 10. Re1 O-O 11. Qe2 c5 12. Rad1 Qc7 13. dxc5 Qxc5 14. Bc1
Qh5 15. Ne5 Qxe2 16. Rxe2 Nxe5 17. Rxe5 Rfd8 1/2-1/2

[Event "IV Festival A"]
[Site "Campobasso ITA"]
[Date "1997.10.04"]
[Round "4"]
[White "Tonelli, Claudio"]
[Black "Rossetti, Giovanni"]
[Result "0-1"]
[WhiteElo "1791"]
[BlackElo "1719"]
[PlyCount "107"]
[EventDate "1997.10.03"]

1. d4 Nc6 2. Nf3 d5 3. h3 Bf5 4. c3 e6 5. Bf4 Bd6 6. e3 a6 7. a4 Nge7 8. Nbd2
Bxf4 9. exf4 f6 10. Nh4 h5 11. Nxf5 Nxf5 12. Bd3 Nce7 13. Qe2 Qd6 14. g3 a5 15.
Nb3 b6 16. Nd2 Kf7 17. Nf3 c5 18. dxc5 bxc5 19. Bb5 Nc6 20. O-O Rag8 21. Rfe1
Nd8 22. Qd2 Qc7 23. Rad1 c4 24. b3 Nd6 25. bxc4 Nxc4 26. Qe2 Nd6 27. Nd4 Ne4
28. f5 e5 29. Ne6 Nxe6 30. fxe6+ Kxe6 31. Rc1 Nxc3 32. Qd3 Rc8 33. Ba6 d4 34.
Bxc8+ Rxc8 35. Qa6+ Kf7 36. Rc2 Re8 37. Rb2 Re7 38. Rb6 Qc5 39. Rc6 Qb4 40. Rc4
Qb7 41. Qxa5 Qf3 42. Rc8 Ne2+ 43. Rxe2 Qxe2 44. Qd5+ Kg6 45. g4 hxg4 46. Rh8
Qf3 47. Qa2 gxh3 48. Qb1+ d3 49. Qf1 Qg2+ 50. Qxg2+ hxg2 51. Kxg2 f5 52. a5 Kf6
53. Kf1 g5 54. a6 0-1

[Event "IV Festival A"]
[Site "Campobasso ITA"]
[Date "1997.10.05"]
[Round "5"]
[White "Campanile, Antonio"]
[Black "Cucinella, Vincenzo"]
[Result "1/2-1/2"]
[WhiteElo "2155"]
[BlackElo "1971"]
[PlyCount "29"]
[EventDate "1997.10.03"]

1. f4 c5 2. Nf3 Nc6 3. d3 d6 4. g3 g6 5. Bg2 Bg7 6. O-O e6 7. e4 Nge7 8. c3 O-O
9. Nbd2 Rb8 10. a4 a6 11. Nb3 b5 12. axb5 axb5 13. Qc2 b4 14. c4 Bb7 15. Be3
1/2-1/2

[Event "IV Festival A"]
[Site "Campobasso ITA"]
[Date "1997.10.05"]
[Round "5"]
[White "Corvi, Marco"]
[Black "Ljubisavljevic, Zivojin Z."]
[Result "0-1"]
[WhiteElo "2260"]
[BlackElo "2305"]
[PlyCount "125"]
[EventDate "1997.10.03"]

1. e4 g6 2. d4 Bg7 3. Nf3 d6 4. Nc3 Bg4 5. Be3 Nc6 6. d5 Ne5 7. Bb5+ Bd7 8.
Bxd7+ Qxd7 9. Nxe5 Bxe5 10. Bd4 Nf6 11. Bxe5 dxe5 12. Qd3 O-O 13. O-O a6 14. a3
Nh5 15. Ne2 Rad8 16. c4 e6 17. Qc3 exd5 18. cxd5 c6 19. Rad1 Rfe8 20. Qe3 cxd5
21. Rxd5 Qe7 22. Rfd1 Nf6 23. R5d2 Rxd2 24. Rxd2 Rd8 25. f3 Rxd2 26. Qxd2 Qc5+
27. Kf1 Kg7 28. Qc3 Qd6 29. Ke1 Nd7 30. Qd2 Qe7 31. Nc3 Qh4+ 32. g3 Qe7 33. Kf2
Nc5 34. Nd5 Qd6 35. b4 Nb3 36. Qc3 Nd4 37. Kg2 Qd7 38. Ne3 Qc6 39. Nd5 Qd7 40.
Ne3 Qb5 41. Qc4 Qxc4 42. Nxc4 Kf6 43. Nd6 b6 44. Ne8+ Ke7 45. Nc7 Nc2 46. Nd5+
Kd6 47. a4 a5 48. bxa5 bxa5 49. Kf2 Kc5 50. Ke2 f5 51. Nf6 Kb4 52. exf5 gxf5
53. Kd3 Kb3 54. Nxh7 Nb4+ 55. Kd2 Kxa4 56. Kc3 Nd5+ 57. Kb2 Kb4 58. Ng5 a4 59.
Ka2 Nc3+ 60. Ka1 e4 61. fxe4 Nxe4 62. h4 Nf6 63. Ka2 0-1

[Event "IV Festival A"]
[Site "Campobasso ITA"]
[Date "1997.10.05"]
[Round "5"]
[White "Di Carlo, Romeo"]
[Black "Gambardella, Piero"]
[Result "1-0"]
[WhiteElo "2115"]
[BlackElo "1692"]
[PlyCount "47"]
[EventDate "1997.10.03"]

1. d4 Nf6 2. Nf3 d5 3. Bf4 c5 4. e3 Qb6 5. Nc3 cxd4 6. exd4 Qxb2 7. Nb5 Na6 8.
Rb1 Qxa2 9. Ra1 Qb2 10. Rxa6 bxa6 11. Nc7+ Kd8 12. Nxa8 e5 13. dxe5 Bb4+ 14.
Ke2 Re8 15. Nd4 Bd7 16. f3 Bc5 17. Nb3 Bb5+ 18. Ke1 Rxe5+ 19. Bxe5 Qxe5+ 20.
Be2 Bb4+ 21. Kf1 Ne4 22. Bxb5 Nc3 23. Qd4 Qxd4 24. Nxd4 1-0

[Event "IV Festival A"]
[Site "Campobasso ITA"]
[Date "1997.10.05"]
[Round "5"]
[White "Di Gianni, Rocco"]
[Black "Crudele, Michele"]
[Result "1-0"]
[WhiteElo "1912"]
[BlackElo "1800"]
[PlyCount "63"]
[EventDate "1997.10.03"]

1. e4 e6 2. d4 d5 3. Nc3 Nf6 4. Bg5 Be7 5. e5 Nfd7 6. h4 a6 7. Qg4 h5 8. Qg3
Bxg5 9. hxg5 g6 10. f4 c5 11. Nf3 Nc6 12. O-O-O b5 13. f5 c4 14. Be2 Qa5 15.
fxe6 fxe6 16. Nh4 Nf8 17. Qf4 Ne7 18. a3 Bd7 19. g4 hxg4 20. Qf6 Rg8 21. Bxg4
Nh7 22. Qf4 Rf8 23. Qe3 Rf7 24. Rdf1 Rxf1+ 25. Rxf1 Qd8 26. Qf4 Nf5 27. Bxf5
exf5 28. Nxd5 Nf8 29. Nf6+ Ke7 30. d5 b4 31. Qxc4 bxa3 32. d6# 1-0

[Event "IV Festival A"]
[Site "Campobasso ITA"]
[Date "1997.10.05"]
[Round "5"]
[White "Gagliardi, Pietro"]
[Black "Ficco, Corrado"]
[Result "1/2-1/2"]
[WhiteElo "2185"]
[BlackElo "2105"]
[PlyCount "55"]
[EventDate "1997.10.03"]

1. e4 c5 2. Nf3 Nc6 3. d3 d5 4. exd5 Qxd5 5. Nc3 Qd7 6. Bf4 Nf6 7. Be2 e6 8.
O-O Bd6 9. Bxd6 Qxd6 10. g3 O-O 11. Ne4 Qe7 12. Nfd2 Nxe4 13. dxe4 e5 14. c3
Bh3 15. Re1 Rad8 16. Qc2 Be6 17. Nf1 Qg5 18. Ne3 h5 19. Red1 h4 20. Rxd8 Rxd8
21. Rd1 hxg3 22. hxg3 g6 23. Rxd8+ Qxd8 24. Bc4 Bxc4 25. Nxc4 Kg7 26. Ne3 Qd7
27. Kg2 Ne7 28. Qe2 1/2-1/2

[Event "IV Festival A"]
[Site "Campobasso ITA"]
[Date "1997.10.05"]
[Round "5"]
[White "Occhipinti, Massimo"]
[Black "Galasso, Luigi"]
[Result "0-1"]
[WhiteElo "1749"]
[BlackElo "1791"]
[PlyCount "78"]
[EventDate "1997.10.03"]

1. Nf3 Nf6 2. g3 g6 3. Bg2 Bg7 4. O-O O-O 5. d3 d6 6. e4 c5 7. c3 Nc6 8. Nbd2
Rb8 9. h3 a6 10. d4 cxd4 11. cxd4 Qb6 12. d5 Nd4 13. Nxd4 Qxd4 14. Nb3 Qxd1 15.
Rxd1 Bd7 16. Be3 Rfc8 17. Rdc1 Bb5 18. Nd4 Bd3 19. f3 Nd7 20. Kf2 Nb6 21. b3
Nd7 22. Ke1 Nc5 23. Kd2 Bb5 24. a4 Bxd4 25. Rxc5 Bxe3+ 26. Kxe3 Rxc5 27. axb5
Rxb5 28. Rb1 Rc8 29. Bf1 Rc3+ 30. Bd3 Rbxb3 31. Rxb3 Rxb3 32. Kd4 a5 33. f4 Kf8
34. e5 a4 35. Bc2 Rxg3 36. Bxa4 Rxh3 37. Bd7 Rh4 38. Ke3 dxe5 39. fxe5 Rb4 0-1

[Event "IV Festival A"]
[Site "Campobasso ITA"]
[Date "1997.10.05"]
[Round "5"]
[White "Passerotti, Pierluigi"]
[Black "Petruccioli, Antonio"]
[Result "1-0"]
[WhiteElo "2310"]
[BlackElo "1944"]
[PlyCount "129"]
[EventDate "1997.10.03"]

1. d4 d5 2. c4 c6 3. Nc3 Nf6 4. cxd5 cxd5 5. Nf3 Nc6 6. Bf4 a6 7. a3 e6 8. e3
Bd6 9. Bxd6 Qxd6 10. Bd3 e5 11. dxe5 Nxe5 12. h3 O-O 13. O-O Nxd3 14. Qxd3 Qe6
15. Rfd1 Qb6 16. Rac1 Qxb2 17. Na4 Qb5 18. Qxb5 axb5 19. Nb6 Rb8 20. Nd4 Be6
21. Nxb5 Rfd8 22. Rc7 Ne8 23. Rc5 Nf6 24. Rc7 Ne8 25. Rc2 Nd6 26. Nc7 Nc8 27.
Nbxd5 Nb6 28. Rcd2 Nxd5 29. Nxd5 Kf8 30. Nb6 Rxd2 31. Rxd2 Ke7 32. Kf1 g5 33.
Ke2 f6 34. Rd4 h5 35. h4 Rg8 36. g3 Bg4+ 37. Kd3 gxh4 38. gxh4 Be6 39. Nd5+ Kf7
40. Nf4 Ra8 41. a4 Bg4 42. Rb4 Rd8+ 43. Kc3 Rd7 44. Rd4 Rc7+ 45. Rc4 Rd7 46.
Rc5 b6 47. Rc6 Ra7 48. Rxb6 Rxa4 49. Rb7+ Ke8 50. Nd5 f5 51. Rb4 Ra1 52. Kd4
Bf3 53. Nf6+ Kf7 54. Nh7 Kg6 55. Ng5 Rd1+ 56. Ke5 Bg2 57. Rb6+ Kg7 58. Kxf5
Rd5+ 59. Kf4 Rd2 60. f3 Rc2 61. e4 Bf1 62. Rb7+ Kf8 63. Kf5 Rc5+ 64. e5 Bd3+
65. Ke6 1-0

[Event "IV Festival A"]
[Site "Campobasso ITA"]
[Date "1997.10.05"]
[Round "5"]
[White "Rossetti, Giovanni"]
[Black "Capuano, Eugenio"]
[Result "0-1"]
[WhiteElo "1719"]
[BlackElo "2130"]
[PlyCount "37"]
[EventDate "1997.10.03"]

1. Nf3 f5 2. e4 fxe4 3. Ng5 Nc6 4. d3 e3 5. Bxe3 e5 6. Qh5+ g6 7. Qf3 Nf6 8.
Nc3 Bb4 9. O-O-O Bxc3 10. bxc3 Qe7 11. Kb2 d6 12. Ne4 Nxe4 13. Qxe4 Be6 14. d4
d5 15. Qd3 O-O-O 16. Qb5 Bd7 17. Qxd5 Bg4 18. Bc4 Rxd5 19. Bxd5 0-1

[Event "IV Festival A"]
[Site "Campobasso ITA"]
[Date "1997.10.05"]
[Round "5"]
[White "Simeoni, Matteo"]
[Black "Pizzuto, Samuele Tullio"]
[Result "0-1"]
[WhiteElo "1830"]
[BlackElo "2161"]
[PlyCount "72"]
[EventDate "1997.10.03"]

1. e4 Nf6 2. Nc3 e5 3. Nf3 Nc6 4. d4 exd4 5. Nxd4 Bb4 6. Nxc6 bxc6 7. Bd3 d5 8.
exd5 cxd5 9. O-O O-O 10. Bg5 Be7 11. Bxf6 Bxf6 12. Nxd5 Bxb2 13. Rb1 Ba3 14.
Qh5 g6 15. Qf3 c6 16. Nc3 Bd7 17. Rfd1 Qc7 18. Be4 Rad8 19. Ne2 Bd6 20. h3 f5
21. Bd3 Be6 22. c4 Be5 23. g3 Rd7 24. Qe3 Bf7 25. Nc1 f4 26. gxf4 Bxf4 27. Qe1
Re7 28. Qc3 Be5 29. Qc2 Be6 30. Bf1 Bf5 31. Nd3 Bd4 32. Bg2 Be4 33. Bxe4 Rxe4
34. Kg2 Qf7 35. Rh1 Qf3+ 36. Kg1 Re2 0-1

[Event "IV Festival A"]
[Site "Campobasso ITA"]
[Date "1997.10.05"]
[Round "6"]
[White "Capuano, Eugenio"]
[Black "Di Carlo, Romeo"]
[Result "1-0"]
[WhiteElo "2130"]
[BlackElo "2115"]
[PlyCount "65"]
[EventDate "1997.10.03"]

1. e4 c6 2. d4 d5 3. Nd2 dxe4 4. Nxe4 Nd7 5. Ng5 Ngf6 6. Bd3 e6 7. N1f3 Bd6 8.
Qe2 h6 9. Ne4 Nxe4 10. Qxe4 Nf6 11. Qe2 Qc7 12. Bd2 b6 13. O-O-O Bb7 14. Kb1
O-O-O 15. c4 c5 16. Bc3 Kb8 17. Bc2 Ka8 18. dxc5 Qxc5 19. Ne5 Qc7 20. f4 Rhe8
21. Rd2 Rc8 22. Rhd1 Bc5 23. g4 g5 24. fxg5 hxg5 25. h4 gxh4 26. Rf1 Be7 27. g5
Ng8 28. Rd7 Qb8 29. Rxb7 Kxb7 30. Qe4+ Ka6 31. Ba4 b5 32. cxb5+ Kb6 33. Nd7+
1-0

[Event "IV Festival A"]
[Site "Campobasso ITA"]
[Date "1997.10.05"]
[Round "6"]
[White "Crudele, Michele"]
[Black "Cucinella, Vincenzo"]
[Result "1/2-1/2"]
[WhiteElo "1800"]
[BlackElo "1971"]
[PlyCount "89"]
[EventDate "1997.10.03"]

1. d4 Nf6 2. Nf3 g6 3. Bg5 Bg7 4. Nbd2 O-O 5. e3 d6 6. Bd3 Nbd7 7. O-O Qe8 8.
c3 e5 9. Qc2 h6 10. Bh4 Nh7 11. e4 Ndf6 12. Rfe1 Nh5 13. Bg3 Kh8 14. dxe5 dxe5
15. Nc4 Nxg3 16. hxg3 Ng5 17. Nxg5 hxg5 18. Ne3 c6 19. g4 Bf6 20. f3 Kg7 21. a4
a5 22. c4 Rh8 23. g3 Be7 24. c5 Qd8 25. Rac1 Be6 26. Kg2 Qd4 27. Qc3 Rad8 28.
Qxd4 Rxd4 29. Bf1 Rxa4 30. Bc4 Bxc4 31. Rxc4 Rxc4 32. Nxc4 Bxc5 33. Nxe5 Rd8
34. Re2 Rd4 35. f4 gxf4 36. gxf4 Bb4 37. Nf3 Rd1 38. e5 Rd7 39. f5 gxf5 40.
gxf5 Rd5 41. Kh3 b5 42. Kg4 Be7 43. Kf4 Rd8 44. Rg2+ Kf8 45. f6 1/2-1/2